000 00710nam a2200193Ia 4500
005 20250508155612.0
008 008 250505s9999 xx 000 0 eng d
037 _aDissertations
040 _aFEDL
_beng
_cFEDL
041 _aeng
_2eng
084 _a540.7, IND/DI
_qFEDL
100 _aIndra Prakash
_9560057
245 0 _aConstruction of a program on chemistry for class x of H.S. schools, Delhi and finding out experimentally the effectiveness of the program on high and low achievers in chemistry as compared to class-room teaching
260 _c1968
300 _a103p.
546 _aM.Ed. Dissertation (Delhi University)
942 _cDIS
_h540.7, IND/DI
999 _c1358156
_d1358156